Hubert und Staller | Quiz - Statistiken

Allgemein
  • Dieses Quiz wurde 281 mal gespielt
  • Das Durchschnittsergebnis liegt bei 12 aus 15
Antwortstatistiken
Frage Antwort % Korrekt
Wie heißt der Schauspieler, welcher die Rolle des Franz "Hubsi" Hubert seit Beginn verkörpert? Christian Tramitz
98%
Von wem wird die in Frage 6 genannte Person verkörpert? Hannes Ringlstetter
97%
Wie heißt der Besitzer der Werkstatt "Ich mach alles"? Yazid
97%
Warum wurde Girwidz vom Polizeirat zum Polizeiobermeister degradiert? alkoholisiert am Steuer
96%
Wie heißt die neue Polizeirätin ab Staffel 8? Sabine Kaiser
96%
Welchen Job hatte Barbara Hansen, bevor sie in Staffel 6 die Bäckerei Rattlinger übernommen hat? Lokalreporterin
94%
Um welches Model handelt es sich beim Streifenwagen von Hubert und Staller bzw. Hubert und Girwidz? Audi 80
86%
Was macht Polizeimeisterin Lena Winter, nachdem sie Wolfratshausen verlässt? verlobt sich und zieht nach Hamburg
86%
Wie heißt der neueste Spielfilm aus dem Jahr 2024? Dem Himmel ganz nah
82%
Wie hieß die erste Folge der ersten Staffel? Kleine Fische, große Fische
75%
Wie viele Spielfilme wurden gedreht? 4 Filme
73%
Wie hieß die TV-Serie zu Beginn im Jahr 2011? Heiter bis tödlich: Hubert und Staller
73%
Wann war die Erstausstrahlung der erste Folge der erste Staffel (in Deutschland)? November 2011
52%
Wie viele Staffeln gibt es aktuell? (Stand: März 2024) 13 Staffeln
49%
In welchem Jahr war Hubert und Staller für den Deutschen Fernsehpreis in der Kategorie "Beste Serie" nominiert? 2013
36%
Keine übereinstimmenden Quizze gefunden
Verteilung der Resultate
Anzahl Personen mit jedem Resultat
Perzentil nach korrekt beantworteten Fragen
Ihre Resultats-Entwicklung
Sie haben dieses Quiz noch nicht gespielt